|
|
|
|
| LEADER |
00000cam a22000004a 4500 |
| 001 |
musev2_4082 |
| 003 |
MdBmJHUP |
| 005 |
20230905040513.0 |
| 006 |
m o d |
| 007 |
cr||||||||nn|n |
| 008 |
080922s2009 ilu o 00 0 eng d |
| 010 |
|
|
|z 2008040696
|
| 020 |
|
|
|a 9780809386499
|
| 020 |
|
|
|z 9780809329106
|
| 035 |
|
|
|a (OCoLC)459790939
|
| 040 |
|
|
|a MdBmJHUP
|c MdBmJHUP
|
| 043 |
|
|
|a n-us---
|a n-us-ct
|
| 050 |
0 |
4 |
|a E601
|b .B15 2009
|
| 082 |
0 |
|
|a 973.7/5
|2 22
|
| 100 |
1 |
|
|a Bacon, Edward W.
|q (Edward Woolsey),
|d 1843-1887.
|
| 245 |
1 |
0 |
|a Double Duty in the Civil War :
|b The Letters of Sailor and Soldier Edward W. Bacon /
|c edited by George S. Burkhardt.
|
| 264 |
|
1 |
|a Carbondale :
|b Southern Illinois University Press,
|c 2009.
|
| 264 |
|
3 |
|a Baltimore, Md. :
|b Project MUSE,
|c 2012
|
| 264 |
|
4 |
|c ©2009.
|
| 300 |
|
|
|a 1 online resource (288 pages):
|b ill., maps ;
|
| 336 |
|
|
|a text
|b txt
|2 rdacontent
|
| 337 |
|
|
|a computer
|b c
|2 rdamedia
|
| 338 |
|
|
|a online resource
|b cr
|2 rdacarrier
|
| 504 |
|
|
|a Includes bibliographical references (p. 229-244) and index.
|
| 505 |
0 |
|
|a Introduction -- The sailor, 1861-62. High seas hunt ; Riverine warfare ; Turning point -- The hospital clerk, 1863 -- The soldier, 1864-65. 29th Connecticut Volunteer Infantry (Colored) ; Trench fighting, Virginia ; Promotion and victory ; Occupation duty, Texas ; Homeward -- Epilogue.
|
| 588 |
|
|
|a Description based on print version record.
|
| 600 |
1 |
0 |
|a Bacon, Edward W.
|q (Edward Woolsey),
|d 1843-1887
|v Correspondence.
|
| 651 |
|
0 |
|a Connecticut
|x History
|y Civil War, 1861-1865
|v Personal narratives.
|
| 651 |
|
0 |
|a United States
|x History
|y Civil War, 1861-1865
|v Personal narratives.
|
| 651 |
|
0 |
|a United States
|x History
|y Civil War, 1861-1865
|x Naval operations.
|
| 610 |
1 |
0 |
|a United States.
|b Army.
|b Connecticut Infantry Regiment, 29th (1864-1865)
|
| 650 |
|
0 |
|a Soldiers
|z United States
|v Correspondence.
|
| 650 |
|
0 |
|a Sailors
|z United States
|v Correspondence.
|
| 655 |
|
7 |
|a Electronic books.
|2 local
|
| 700 |
1 |
|
|a Burkhardt, George S.,
|d 1927-
|
| 710 |
2 |
|
|a Project Muse.
|e distributor
|
| 830 |
|
0 |
|a Book collections on Project MUSE.
|
| 856 |
4 |
0 |
|z Texto completo
|u https://projectmuse.uam.elogim.com/book/4082/
|
| 945 |
|
|
|a Project MUSE - Custom Collection
|
| 945 |
|
|
|a Project MUSE - Archive Complete Foundation
|
| 945 |
|
|
|a Project MUSE - Archive History Foundation
|